Estudios sobre puentes de madera. Con un ensayo previo de clasificación de las cargas rodantes para las vías carreteras de Chile
में बचाया:
| मुख्य लेखक: | |
|---|---|
| स्वरूप: | पुस्तक |
| भाषा: | स्पेनिश |
| प्रकाशित: |
Santiago
Imprenta Cervantes, calle de la Bandera, Núm. 73
1892
|
| संस्करण: | 1a. ed |
| विषय: | |
| टैग: |
टैग जोड़ें
कोई टैग नहीं, इस रिकॉर्ड को टैग करने वाले पहले व्यक्ति बनें!
|
MARC
| LEADER | 00000nam a2200000 a 4500 | ||
|---|---|---|---|
| 001 | UCJ6443 | ||
| 003 | CL-VaPUC | ||
| 008 | 070124e18920000CL |||||||||||||||||spa|d | ||
| 082 | 0 | 4 | |a 624 |b OTT |2 21 |
| 100 | |a Otten, Guillermo |e autor |9 513099 | ||
| 245 | 1 | 0 | |a Estudios sobre puentes de madera. Con un ensayo previo de clasificación de las cargas rodantes para las vías carreteras de Chile |
| 246 | 1 | 0 | |a Nota sobre el cálculo de los esfuerzos de corte máximos en las vigas de celosía bajo la acción de una sobrecarga uniforme móvil. Por Guillermo Otten, Injeniero Honorario de Puentes i Calzadas de Béljica, contratado por el Gobierno de Chile |
| 250 | |a 1a. ed | ||
| 300 | |a 167 p | ||
| 942 | |c BK | ||
| 945 | |d 20070124 00:00:00 |a rinostro | ||
| 260 | |a Santiago |b Imprenta Cervantes, calle de la Bandera, Núm. 73 |c 1892 | ||
| 500 | |a 12 láminas fuera de texto | ||
| 600 | 0 | 7 | |a SOCIEDAD DE INGENIERIA |2 CL-VaPUC |9 513100 |
| 650 | 0 | |a Ingeniería civil |9 260076 | |
| 650 | 0 | |a Obras públicas |9 261125 | |
| 650 | 0 | |a Puentes |9 268175 | |
| 650 | 7 | |a TRANSPORTE |2 CL-VaPUC |9 256365 | |
| 650 | 7 | |a CARRETAS |2 CL-VaPUC |9 513101 | |
| 583 | |a last modification |c 20070124 00:00:00 |k Rodrigo Vera | ||
| 999 | |c 322546 |d 322544 | ||
| 952 | |0 0 |1 0 |4 0 |6 624_000000000000000_OTT_1892 |7 0 |8 X |9 401556 |a FDOBUD |b FDOBUD |d 2019-11-22 |i 1048074 |o 624 OTT 1892 |p 1048074 |r 2019-11-22 |w 2019-11-22 |y BK_X |k BUD | ||